000 00419nam a2200181Ia 4500
001 2893
005 20260306144840.0
008 260306t2013||||xx |||||||||||||| ||spa||
041 _aESP
082 _a231.7
_bS719
100 _aSayés, José Antonio
_eAUT
245 0 _aComprender la trinidad
260 _c2013
300 _a158 páginas :
_c21 cm.
650 _aGEN
654 _aCHU
942 _cLIB
_dJUS
_fJUS
_2ddc
_n
999 _c2893
_d2893